Effective security management, third edition / (Record no. 345220)

000 -LEADER
fixed length control field 02237 a2200205 4500
020 ## - INTERNATIONAL STANDARD BOOK NUMBER
International Standard Book Number 0750699078
020 ## - INTERNATIONAL STANDARD BOOK NUMBER
International Standard Book Number 9780750699075
082 04 - DEWEY DECIMAL CLASSIFICATION NUMBER
Classification number 658.47
090 ## - LOCALLY ASSIGNED LC-TYPE CALL NUMBER (OCLC); LOCAL CALL NUMBER (RLIN)
-- 2729
-- 2729
100 1# - MAIN ENTRY--PERSONAL NAME
Personal name CPP, Charles A. Sennewald.
245 10 - TITLE STATEMENT
Title Effective security management, third edition /
Statement of responsibility, etc. Charles A. Sennewald CPP.
250 ## - EDITION STATEMENT
Edition statement 3nd ed.
260 ## - PUBLICATION, DISTRIBUTION, ETC.
Place of publication, distribution, etc. [S.l.] :
Name of publisher, distributor, etc. Butterworth-Heinemann,
Date of publication, distribution, etc. 1998.
300 ## - PHYSICAL DESCRIPTION
Extent 352 p. ;
Dimensions 24 cm.
500 ## - GENERAL NOTE
General note Hardcover.
520 ## - SUMMARY, ETC.
Summary, etc. The revision of Effective Security Management retains the excellent qualities which made the original editions a standard of the profession: a readable, comprehensive guide to the organization, staffing, and operation of the security function. Sennewald, a recognized leader in the field, applies modern management strategies to the concerns and problems facing every security manager. The focus of this book is not on abstract theories but rather on practical methods which can be used in managing an effective security department. The third edition is enhanced with the addition of an entire chapter devoted to computer security. This chapter explains many of the distinct applications that the personal computer can have in the administrative, managerial, and supervisorial aspects of the security function. Included are details of the development of microcomputers, their operation, benefits, and risks. Due to the complexity of this emerging technology, a glossary to explain certain technical terms is provided. Charles A. (Chuck) Sennewald is an independent security management consultant and the author of numerous Butterworth-Heinemann titles: The Process of Investigation; Shoplifting; Security Consulting; and Effective Security Management. Mr. Sennewald is the founder and first president of the International Association of Professional Security Consultants and a member of ASIS and ASET. Includes a new chapter on Computer Security ManagementRetains the outstanding organization of the previous editionsRecommended reading for the CPP exam.
856 40 - ELECTRONIC LOCATION AND ACCESS
Materials specified Amazon.com
Uniform Resource Identifier <a href="http://www.amazon.com/exec/obidos/ASIN/0750699078/chopaconline-20">http://www.amazon.com/exec/obidos/ASIN/0750699078/chopaconline-20</a>
856 40 - ELECTRONIC LOCATION AND ACCESS
Materials specified Amazon customer reviews
Uniform Resource Identifier <a href="http://www.chopac.org/cgi-bin/tools/azrev.pl?q=0750699078">http://www.chopac.org/cgi-bin/tools/azrev.pl?q=0750699078</a>
942 ## - ADDED ENTRY ELEMENTS (KOHA)
Institution code [OBSOLETE] NBS
Koha item type Book
Call number prefix 658.47 SEN
Holdings
Withdrawn status Lost status Damaged status Not for loan Permanent Location Current Location Date acquired Total Checkouts Full call number Barcode Date last seen Price effective from Koha item type
        Central Library (CL) Central Library (CL) 08/28/2013   658.47 SEN NBS1339 08/28/2013 08/28/2013 Book
© 2023 Central Library, National University of Sciences and Technology. All Rights Reserved.